000 01344cam a2200217 4500
001 ##L115014
008 011005n2001 000 0 eng u
035 _a(Sirsi) u115014
041 0 _aeng
050 0 4 _a627.4 $2 18
110 2 _aRoyal Institution of Chartered Surveyors
_bRural Faculty
_94160
245 0 0 _aFlooding
_bissues of concern to chartered surveyors
260 _aLondon
_bRICS
_c2001
300 _a34p.
_c30cm
520 _aIntended as a working document for chartered surveyors, this report brings together for the first time in one place the vast number of bodies, authorities and agencies involved in planning and flood prevention, and includes the various Acts of Parliament, legislation and financial information that surveyors may need when dealing with flooding or flood prevention. The report also looks at other areas, such as insurance, the financial costs of flood defence costs and the financial implications of property and land management and valuation. A list of related websites, recommendations for further study and reading references is given.
651 4 _aUnited Kingdom
_y
690 _aENVIRONMENTAL AND LAND CONSULTANCY-WATER RESOURCE MANAGEMENT-FLOODING
700 1 _aAppleby, M.
710 2 _aRoyal Institution of Chartered Surveyors
_bCoastal and Flood Defence Working Party
_94161
942 _n0
999 _c101689
_d101689